| 000 | 00915nam a2200313Ia 4500 | ||
|---|---|---|---|
| 001 | Z_5736 | ||
| 003 | CHAP | ||
| 008 | 220113s1991 xx 000 0 und d | ||
| 010 | _a168839 | ||
| 020 | _a968-463-060-3 | ||
| 040 | _cCHAP | ||
| 082 | _aC 639.803 L36 | ||
| 100 |
_aLanza Espino, Guadalupe de la _964796 |
||
| 245 |
_aLa acuicultura en palabras / _cGuadalupe de la Lanza Espino, Ramón de Lara Andrade y José Luis García Calderón |
||
| 260 |
_aMéxico : _bAGT, _c1991 |
||
| 300 | _a160 p. | ||
| 503 | _aej.1: C/E | ||
| 504 | _aBibliografía: p. 157 - 160 | ||
| 650 |
_aAcuicultura _x _x Diccionarios _9143101 |
||
| 650 |
_aPiscicultura _x _x Diccionarios _9143102 |
||
| 700 |
_a García Calderón, José Luis, caout. _9143103 |
||
| 700 |
_aLara Andrade, Ramón, coaut. _9143104 |
||
| 901 | _aC 639.803 L36 | ||
| 902 | _aM | ||
| 910 | _a1991 | ||
| 942 | _c1 | ||
| 942 | _cc1 | ||
| 999 |
_c168839 _d168839 |
||